000 00641nam a2200217 a 4500
008
020 _a0330243152 (pbk.)
049 _aMAIN
090 _aPN4733
_bNEW
100 1 _aWolfe, Tom.
245 1 4 _aThe new journalism/
_cedited by Tom Wolfe, with an anthology edited by Tom Wolfe and E. W. Johnson.
260 _aNew York :
_bHarper & Row,
_c[1973]
300 _a430 p. ;
_c25 cm.
650 0 _aJournalism
_zUnited States.
700 1 _aJohnson, E. W.
907 _a.b1011046x
_b16-04-12
_c11-02-04
003
005 20230123133624.0
040 _cNUST
942 _cBOOKS
_kPN4733
_mNEW
999 _c151779
_d151779